| 000 | 01178nam a2200325 a 4500 | ||
|---|---|---|---|
| 001 | 000109287 | ||
| 003 | CHAP | ||
| 005 | 20220329144045.0 | ||
| 008 | 140415s2013 mx a sm |||||||spa d | ||
| 010 | _a105749 | ||
| 011 | _a106721 | ||
| 040 | _cCHAP | ||
| 090 | _aTesis | ||
| 100 | 1 |
_aLópez López, Gabriela _9126590 |
|
| 245 | 1 | 0 |
_aFertilización foliar orgánica y su relación con la calidad de fruto en arándano azul tipo ojo de conejo (Vaccinium ashei Resde) _h[En línea] _cpor Gabriela López López. |
| 260 |
_aChapingo, Méx. : _bEl autor, _c2013. |
||
| 500 | _aPara ver el contenido del material haga clic en la liga | ||
| 502 | _aTesis (M.C. en Horticultura) -- UACH. Departamento de Fitotecnia | ||
| 590 |
_aBATCH-UPD _b10 _c20141002 _lUCH01 _h0901 |
||
| 590 |
_aE11695DGD _b10 _c20140424 _lUCH01 _h1109 |
||
| 590 |
_aE5652GLJ _b05 _c20140415 _lUCH01 _h1310 |
||
| 590 |
_aE5652GLJ _b05 _c20140415 _lUCH01 _h1311 |
||
| 650 | 1 | 4 |
_aArándano. _97291 |
| 650 | 1 | 4 |
_aFertilización foliar. _940445 |
| 650 | 1 | 4 |
_aFruta _xCalidad. _943597 |
| 856 |
_aFinding aid _uhttp://10.13.5.2/tesis/sist109287.pdf _zTeclea aquí |
||
| 901 | _aBK | ||
| 942 | _cTESIS | ||
| 942 | _n0 | ||
| 999 |
_c105749 _d105749 |
||